[Event "Dos Hermanas Internet qual-C 10th"]
[Site "ICC INT"]
[Date "2009.03.14"]
[Round "4"]
[White "Tan, Justin"]
[Black "Cernousek, Lukas"]
[Result "0-1"]
[WhiteElo "2281"]
[BlackElo "2442"]
[PlyCount "42"]
[EventDate "2009.03.14"]
[EventType "swiss (blitz)"]
[EventRounds "12"]
[EventCountry "ESP"]
[SourceTitle "CBM 129 Extra"]
[Source "ChessBase"]
[SourceDate "2009.05.05"]
[SourceVersion "2"]
[SourceVersionDate "2009.05.20"]
[SourceQuality "1"]

1. e4 c5 2. Nf3 d6 3. d4 Nf6 4. Nc3 cxd4 5. Nxd4 a6 6. Be3 e5 7. Nb3 Be6 8. f3 Be7 9. g4 d5 10. g5 d4 11. gxf6 Bxf6 12. Qd2 dxe3 13. Qxe3 Bh4+ 14. Ke2 Bc4+ 15. Qd3 Bxd3+ 16. cxd3 Nc6 17. Nd5 0-0 18. Bh3 Nd4+ 19. Nxd4 exd4 20. Rac1 f5 21. Bxf5 Rxf5 0-1

[Event "Dos Hermanas Internet qual-C 10th"]
[Site "ICC INT"]
[Date "2009.03.14"]
[Round "2"]
[White "Tan, Justin"]
[Black "Tasdelen, Deniz Murat"]
[Result "0-1"]
[WhiteElo "2281"]
[BlackElo "1986"]
[PlyCount "62"]
[EventDate "2009.03.14"]
[EventType "swiss (blitz)"]
[EventRounds "12"]
[EventCountry "ESP"]
[SourceTitle "CBM 129 Extra"]
[Source "ChessBase"]
[SourceDate "2009.05.05"]
[SourceVersion "2"]
[SourceVersionDate "2009.05.20"]
[SourceQuality "1"]

1. e4 c5 2. Nf3 d6 3. d4 cxd4 4. Nxd4 Nf6 5. Nc3 a6 6. Be3 e5 7. Nb3 Be6 8. f3 Be7 9. Qd2 Nbd7 10. g4 b5 11. 0-0-0 0-0 12. Rg1 b4 13. Nd5 Bxd5 14. exd5 a5 15. Kb1 Nb6 16. Bxb6 Qxb6 17. Bd3 Kh8 18. Nc1 Nxd5 19. Ne2 Rfc8 20. Ka1 a4 21. Be4 Ne3 22. Rc1 a3 23. Bxa8 axb2+ 24. Kxb2 Nc4+ 25. Ka1 Nxd2 26. Bd5 Bg5 27. Rgd1 Qe3 28. Ng3 Qd4+ 29. c3 bxc3 30. Nf5 Qxd5 31. h4 Qxa2+ 0-1

[Event "Dos Hermanas Internet qual-C 10th"]
[Site "ICC INT"]
[Date "2009.03.14"]
[Round "7"]
[White "Urbina Perez, Juan Antonio"]
[Black "Tan, Justin"]
[Result "0-1"]
[WhiteElo "2215"]
[BlackElo "2281"]
[PlyCount "66"]
[EventDate "2009.03.14"]
[EventType "swiss (blitz)"]
[EventRounds "12"]
[EventCountry "ESP"]
[SourceTitle "CBM 129 Extra"]
[Source "ChessBase"]
[SourceDate "2009.05.05"]
[SourceVersion "2"]
[SourceVersionDate "2009.05.20"]
[SourceQuality "1"]

1. e4 e5 2. Nf3 Nc6 3. Bb5 a6 4. Ba4 Nf6 5. 0-0 Be7 6. Re1 b5 7. Bb3 d6 8. c3 0-0 9. h3 Nb8 10. d4 Nbd7 11. Nbd2 Bb7 12. a4 c6 13. axb5 cxb5 14. d5 Re8 15. Bc2 Bf8 16. Nf1 g6 17. Ng3 Bg7 18. Be3 Qc7 19. Qd2 Nc5 20. Bh6 Rec8 21. Bxg7 Kxg7 22. h4 h5 23. Ng5 Ncd7 24. f4 b4 25. fxe5 Nxe5 26. Qf4 bxc3 27. Rf1 Ned7 28. b3 Qc5+ 29. Kh1 Qd4 30. Qf3 Qd2 31. Bd3 c2 32. Rac1 Rc3 33. Bc4 Rxf3 0-1

[Event "Kuala Lumpur op 5th"]
[Site "Kuala Lumpur"]
[Date "2008.08.23"]
[Round "9"]
[White "Tan, Justin"]
[Black "Amru, Muhd Tariq"]
[Result "0-1"]
[WhiteElo "2281"]
[BlackElo "2022"]
[PlyCount "40"]
[EventDate "2008.08.18"]
[EventType "swiss"]
[EventRounds "11"]
[EventCountry "MAS"]
[SourceTitle "CBM 126 Extra"]
[Source "ChessBase"]
[SourceDate "2008.11.05"]
[SourceVersion "1"]
[SourceVersionDate "2008.11.05"]
[SourceQuality "1"]

1. e4 c5 2. Nf3 d6 3. d4 cxd4 4. Nxd4 Nf6 5. Nc3 g6 6. Be3 Bg7 7. f3 Nc6 8. Bc4 0-0 9. Qd2 Bd7 10. 0-0-0 Rc8 11. Bb3 Ne5 12. h4 Nc4 13. Bxc4 Rxc4 14. Kb1 Qc7 15. h5 Rc8 16. hxg6 fxg6 17. Bh6 Nxe4 18. Qe3 Nxc3+ 19. bxc3 Rxc3 20. Qxe7 Bxd4 0-1

[Event "Kuala Lumpur op 5th"]
[Site "Kuala Lumpur"]
[Date "2008.08.22"]
[Round "8"]
[White "Tan, Justin"]
[Black "Yeap, Eng Cheam"]
[Result "1/2-1/2"]
[WhiteElo "2281"]
[BlackElo "2055"]
[PlyCount "92"]
[EventDate "2008.08.18"]
[EventType "swiss"]
[EventRounds "11"]
[EventCountry "MAS"]
[SourceTitle "CBM 126 Extra"]
[Source "ChessBase"]
[SourceDate "2008.11.05"]
[SourceVersion "1"]
[SourceVersionDate "2008.11.05"]
[SourceQuality "1"]

1. e4 c5 2. Nf3 d6 3. d4 cxd4 4. Nxd4 Nf6 5. Nc3 g6 6. Be3 Bg7 7. f3 0-0 8. Qd2 Nc6 9. 0-0-0 Bd7 10. h4 Qa5 11. Bc4 Ne5 12. Bb3 Rfc8 13. h5 Nxh5 14. Bh6 Bxh6 15. Qxh6 Rxc3 16. bxc3 Qxc3 17. Kb1 a5 18. Ne2 Qc5 19. Rxh5 gxh5 20. Ng3 Qf2 21. Qg5+ Ng6 22. Nxh5 Kh8 23. Bxf7 Qe2 24. Rh1 Qb5+ 25. Qxb5 Bxb5 26. Bxg6 hxg6 27. Nf4+ Kg8 28. Nxg6 Kf7 29. Nf4 Rg8 30. Rh7+ Rg7 31. Rxg7+ Kxg7 32. Nd3 Kf6 33. f4 e5 34. g3 Bc6 35. Nf2 Ke6 36. Kb2 d5 37. f5+ Kd6 38. exd5 Bxd5 39. g4 e4 40. Nd1 Bg8 41. g5 Ke5 42. Ne3 b5 43. a3 b4 44. axb4 axb4 45. c3 bxc3+ 46. Kxc3 Bh7 1/2-1/2

[Event "Kuala Lumpur op 5th"]
[Site "Kuala Lumpur"]
[Date "2008.08.19"]
[Round "3"]
[White "Tan, Justin"]
[Black "Ismail, Ahmad"]
[Result "0-1"]
[WhiteElo "2281"]
[BlackElo "2111"]
[PlyCount "108"]
[EventDate "2008.08.18"]
[EventType "swiss"]
[EventRounds "11"]
[EventCountry "MAS"]
[SourceTitle "CBM 126 Extra"]
[Source "ChessBase"]
[SourceDate "2008.11.05"]
[SourceVersion "1"]
[SourceVersionDate "2008.11.05"]
[SourceQuality "1"]

1. e4 c5 2. Nf3 a6 3. c3 d5 4. exd5 Qxd5 5. d4 Bg4 6. Nbd2 cxd4 7. cxd4 Nc6 8. Bc4 Bxf3 9. Qxf3 Qxf3 10. Nxf3 e6 11. a3 Nf6 12. b4 b5 13. Be2 Be7 14. Bb2 0-0 15. 0-0 Rfd8 16. Rac1 Rd6 17. Rc2 Bd8 18. Rfc1 Ne7 19. Nd2 Bb6 20. Nb3 Rad8 21. Nc5 Ra8 22. Nb7 Rd7 23. Nc5 Rdd8 24. Bf3 Nfd5 25. Nb7 Rdb8 26. Nd6 g6 27. g3 Rd8 28. Nb7 Rd7 29. Nc5 Rda7 30. Be2 Rb8 31. Nd3 a5 32. Ra1 Nf5 33. bxa5 Bxd4 34. Ne5 Bxb2 35. Rxb2 Nd4 36. Rd1 Nxe2+ 37. Rxe2 Nc3 38. Nc6 Nxe2+ 39. Kf1 Nxg3+ 40. hxg3 Rba8 41. Nxa7 Rxa7 42. Rd3 Rxa5 43. Rb3 Kf8 44. Ke2 Ke7 45. g4 f5 46. g5 e5 47. Rh3 Ke6 48. Kd2 f4 49. Kc2 Ra7 50. Kb3 Kf5 51. Kb4 Rb7 52. Kc5 Kg4 53. Rb3 e4 54. a4 Rc7+ 0-1

[Event "Kuala Lumpur op 4th"]
[Site "Kuala Lumpur"]
[Date "2007.08.21"]
[Round "4"]
[White "Thong, Yung Cheng"]
[Black "Tan, Justin"]
[Result "1-0"]
[WhiteElo "1977"]
[BlackElo "2281"]
[PlyCount "83"]
[EventDate "2007.08.20"]
[EventType "swiss"]
[EventRounds "11"]
[EventCountry "MAS"]
[SourceTitle "CBM 120 Extra"]
[Source "ChessBase"]
[SourceDate "2007.11.01"]
[SourceVersion "1"]
[SourceVersionDate "2007.11.01"]
[SourceQuality "1"]

1. d4 d5 2. c4 e6 3. Nc3 Nf6 4. Nf3 Nbd7 5. Bg5 c6 6. e3 Qa5 7. Bxf6 Nxf6 8. Nd2 Bb4 9. Qc2 0-0 10. Bd3 Qc7 11. Nf3 dxc4 12. Bxc4 Nd5 13. 0-0 Nb6 14. Bd3 h6 15. Rac1 Nd5 16. h3 a6 17. Ne4 Be7 18. a3 Bd7 19. Rfd1 Rac8 20. Qb3 Nf6 21. Nc5 Rb8 22. Rd2 Rfc8 23. Qd1 Be8 24. Qe2 Nd7 25. b4 Ra8 26. Nb3 b5 27. Rdc2 Nb6 28. Na5 Qd6 29. Ne5 Nd5 30. Naxc6 Bxc6 31. Nxc6 Rc7 32. Nxe7+ Qxe7 33. Rxc7 Nxc7 34. Qc2 Ne8 35. Qc6 Ra7 36. Qb6 f6 37. Bg6 Ra8 38. Rc6 Qd8 39. Qb7 Nd6 40. Rxd6 Qxd6 41. Qxa8+ Qf8 42. Qxa6 1-0

[Event "Doeberl Cup 42nd"]
[Site "Canberra"]
[Date "2004.04.10"]
[Round "4"]
[White "Bjelobrk, Igor"]
[Black "Tan, Justin"]
[Result "1-0"]
[WhiteElo "2362"]
[BlackElo "2249"]
[PlyCount "59"]
[EventDate "2004.04.09"]
[EventType "swiss"]
[EventRounds "7"]
[EventCountry "AUS"]
[SourceTitle "EXT 2005"]
[Source "ChessBase"]
[SourceDate "2004.11.15"]
[SourceVersion "1"]
[SourceVersionDate "2004.11.15"]
[SourceQuality "1"]

1. c4 e5 2. Nc3 Nf6 3. Nf3 d6 4. g3 g6 5. Bg2 Bg7 6. d4 exd4 7. Nxd4 0-0 8. 0-0 Nbd7 9. e4 Re8 10. h3 Nc5 11. Re1 a5 12. Bf4 Ne6 13. Be3 c6 14. Rb1 Nxd4 15. Bxd4 Be6 16. b3 Qd7 17. Na4 Rab8 18. Kh2 b5 19. cxb5 Rxb5 20. f4 c5 21. Bc3 c4 22. bxc4 Rh5 23. Nb6 Qc7 24. Bxf6 Bxf6 25. Nd5 Bxd5 26. cxd5 Qc4 27. Rb6 Bc3 28. Rc6 Qb4 29. Re3 Qd4 30. Rd3 1-0

[Event "AUS-ch"]
[Site "Adelaide"]
[Date "2004.01.09"]
[Round "10"]
[White "Levi, Eddy"]
[Black "Tan, Justin"]
[Result "0-1"]
[WhiteElo "2269"]
[BlackElo "2250"]
[PlyCount "114"]
[EventDate "2003.12.06"]
[EventType "swiss"]
[EventRounds "11"]
[EventCountry "AUS"]
[SourceTitle "EXT 2005"]
[Source "ChessBase"]
[SourceDate "2004.11.15"]
[SourceVersion "1"]
[SourceVersionDate "2004.11.15"]
[SourceQuality "1"]

1. e4 e6 2. d4 d5 3. Nd2 Nc6 4. Ngf3 Nf6 5. e5 Nd7 6. Bb5 Be7 7. Nb3 Ndb8 8. Bf4 b6 9. 0-0 a5 10. a4 Ba6 11. Qe2 Bxb5 12. Qxb5 0-0 13. Rfe1 Nb4 14. Qe2 Nd7 15. c3 Na6 16. Red1 Re8 17. Rac1 Ra7 18. Ne1 Nf8 19. Nc2 Qd7 20. Qb5 c6 21. Qe2 c5 22. Ra1 c4 23. Nd2 Rc8 24. Na3 Qxa4 25. b3 Qc6 26. bxc4 Bxa3 27. Rxa3 dxc4 28. Ne4 Qd5 29. Re1 Ng6 30. Qg4 Nc7 31. h4 Ne8 32. Bg5 Kh8 33. Re3 Ne7 34. Rf3 Nf5 35. Ng3 Nxg3 36. Rxg3 f5 37. exf6 Nxf6 38. Bxf6 gxf6 39. Qf4 Rf8 40. h5 Raf7 41. h6 e5 42. Qf5 Qd6 43. Ra4 Qc6 44. Ra1 exd4 45. cxd4 Qd7 46. Qf4 Qc7 47. Qf5 Qd7 48. Qf4 Re7 49. Rb1 b5 50. Rg5 c3 51. Rbxb5 c2 52. Rbc5 Re1+ 53. Kh2 c1Q 54. Rxc1 Rxc1 55. Rg7 Qc8 56. Qe4 Rh1+ 57. Kg3 Rxh6 0-1

[Event "AUS-ch"]
[Site "Adelaide"]
[Date "2004.01.05"]
[Round "7"]
[White "Wright, Neil"]
[Black "Tan, Justin"]
[Result "1/2-1/2"]
[WhiteElo "2149"]
[BlackElo "2250"]
[PlyCount "78"]
[EventDate "2003.12.06"]
[EventType "swiss"]
[EventRounds "11"]
[EventCountry "AUS"]
[SourceTitle "EXT 2005"]
[Source "ChessBase"]
[SourceDate "2004.11.15"]
[SourceVersion "1"]
[SourceVersionDate "2004.11.15"]
[SourceQuality "1"]

1. d4 e6 2. c4 f5 3. g3 Nf6 4. Bg2 d5 5. Nh3 Bd6 6. Bf4 0-0 7. Nd2 b6 8. 0-0 Bb7 9. Qc2 Nc6 10. Nf3 Nb4 11. Qc1 dxc4 12. a3 Nbd5 13. Qxc4 Bxf4 14. Nxf4 Nxf4 15. gxf4 Bd5 16. Qc2 Rc8 17. Rfd1 c5 18. dxc5 Rxc5 19. Qa4 Qc7 20. Ne5 Rc2 21. Qb5 Bxg2 22. Kxg2 Nd5 23. Rxd5 exd5 24. Qxd5+ Kh8 25. Rd1 Qe7 26. Rd3 Qe8 27. Re3 Rc7 28. Rg3 Rf6 29. h4 Qg8 30. Qd4 Rh6 31. Kh3 Qf8 32. Rd3 Re7 33. Rg3 Ree6 34. Rg5 Rd6 35. Qc4 Rhf6 36. Qc7 a5 37. Qc4 Qg8 38. Qc2 Qd5 39. Qc7 Qh1+ 1/2-1/2

[Event "Australian Junior Masters"]
[Site "Sydney"]
[Date "2003.04.26"]
[Round "8"]
[White "Tan, Justin"]
[Black "Xie, George Wendi"]
[Result "1/2-1/2"]
[WhiteElo "2259"]
[BlackElo "2225"]
[PlyCount "35"]
[EventDate "2003.04.??"]
[EventType "tourn"]
[EventRounds "9"]
[EventCountry "AUS"]
[SourceTitle "EXT 2005"]
[Source "ChessBase"]
[SourceDate "2004.11.15"]
[SourceVersion "1"]
[SourceVersionDate "2004.11.15"]
[SourceQuality "1"]

1. e4 c5 2. Nf3 e6 3. d4 cxd4 4. Nxd4 Nf6 5. Nc3 Nc6 6. Ndb5 Bb4 7. a3 Bxc3+ 8. Nxc3 d5 9. exd5 exd5 10. Bd3 0-0 11. 0-0 d4 12. Ne2 Bg4 13. Bg5 Qd6 14. f3 Bh5 15. Ng3 Bg6 16. Bxf6 Qxf6 17. Ne4 Bxe4 18. fxe4 1/2-1/2

[Event "AUS-ch"]
[Site "Melbourne"]
[Date "2002.01.09"]
[Round "11"]
[White "Berezina, Irina"]
[Black "Tan, Justin"]
[Result "1/2-1/2"]
[WhiteElo "2274"]
[BlackElo "2244"]
[PlyCount "75"]
[EventDate "2001.12.01"]
[EventType "swiss"]
[EventRounds "11"]
[EventCountry "AUS"]
[SourceTitle "EXT 2003"]
[Source "ChessBase"]
[SourceDate "2002.11.25"]
[SourceVersion "1"]
[SourceVersionDate "2002.11.25"]
[SourceQuality "1"]

1. Nf3 f5 2. g3 Nf6 3. Bg2 g6 4. d4 Bg7 5. c3 0-0 6. 0-0 Qe8 7. Nbd2 Nc6 8. Re1 b6 9. e4 fxe4 10. Nxe4 Nxe4 11. Rxe4 Bb7 12. d5 Nd8 13. c4 e6 14. Bf4 d6 15. Qd2 e5 16. Re2 Bc8 17. h3 a5 18. Kh2 Nb7 19. Bh6 Qf7 20. Bxg7 Qxg7 21. Ng5 Nc5 22. Rae1 h6 23. Ne6 Bxe6 24. dxe6 Rae8 25. f4 Kh8 26. fxe5 Rxe6 27. exd6 Rxd6 28. Qc2 Rdf6 29. Re8 Kh7 30. R8e7 R8f7 31. Rxf7 Qxf7 32. Re2 Re6 33. Rd2 Qe7 34. h4 Re3 35. Rd5 Nd7 36. h5 Ne5 37. hxg6+ Kg7 38. Qf5 1/2-1/2

[Event "AUS-ch"]
[Site "Melbourne"]
[Date "2002.01.08"]
[Round "10"]
[White "Tan, Justin"]
[Black "Feldman, Vladimir"]
[Result "1/2-1/2"]
[WhiteElo "2244"]
[BlackElo "2346"]
[PlyCount "74"]
[EventDate "2001.12.01"]
[EventType "swiss"]
[EventRounds "11"]
[EventCountry "AUS"]
[SourceTitle "EXT 2003"]
[Source "ChessBase"]
[SourceDate "2002.11.25"]
[SourceVersion "1"]
[SourceVersionDate "2002.11.25"]
[SourceQuality "1"]

1. e4 c5 2. Nf3 Nc6 3. Bb5 g6 4. 0-0 Bg7 5. c3 Nf6 6. Re1 0-0 7. d4 cxd4 8. cxd4 d5 9. e5 Ne4 10. Nbd2 Nxd2 11. Bxd2 Qb6 12. Bxc6 bxc6 13. Qc2 Bg4 14. Be3 Rab8 15. b3 Rfc8 16. Rac1 Bxf3 17. gxf3 e6 18. Kg2 Qb4 19. Qc5 Qxc5 20. Rxc5 Bf8 21. Rc2 Rb6 22. Rb1 f6 23. f4 Kf7 24. Kf3 Be7 25. Ke2 f5 26. f3 Ke8 27. Bf2 Kd7 28. h4 h5 29. Rg1 Rg8 30. Kd3 Ke8 31. Be1 Kf7 32. b4 Rc8 33. Rcg2 Rg8 34. a3 Ra6 35. Ra2 Rb8 36. Rgg2 Ra4 37. Rgc2 Ra6 1/2-1/2

[Event "Australian op"]
[Site "Canberra"]
[Date "2001.12.31"]
[Round "4"]
[White "Tan, Justin"]
[Black "Kassa, Peter"]
[Result "0-1"]
[WhiteElo "2201"]
[BlackElo "2003"]
[PlyCount "52"]
[EventDate "2000.12.30"]
[EventType "swiss"]
[EventRounds "11"]
[EventCountry "AUS"]
[SourceTitle "EXT 2002"]
[Source "ChessBase"]
[SourceDate "2001.11.25"]
[SourceVersion "1"]
[SourceVersionDate "2001.11.25"]
[SourceQuality "1"]

1. e4 c6 2. d4 d5 3. exd5 cxd5 4. Bd3 g6 5. Nf3 Bg7 6. c3 Nh6 7. 0-0 0-0 8. Re1 Nc6 9. Ne5 f6 10. Nxc6 bxc6 11. Bxh6 Bxh6 12. Nd2 Qd6 13. Nb3 e5 14. f3 exd4 15. cxd4 Bf4 16. h3 Bg5 17. Qc2 Qg3 18. Bxg6 Bxh3 19. Bxh7+ Kh8 20. Bf5 Rae8 21. Rxe8 Rxe8 22. Kf1 Bh4 23. gxh3 Qxf3+ 24. Kg1 Re2 25. Qxe2 Qxe2 26. Rc1 Qf2+ 0-1

[Event "AUS-ch"]
[Site "Melbourne"]
[Date "2001.12.30"]
[Round "3"]
[White "Bonham, Kevin"]
[Black "Tan, Justin"]
[Result "0-1"]
[WhiteElo "1879"]
[BlackElo "2244"]
[PlyCount "64"]
[EventDate "2001.12.01"]
[EventType "swiss"]
[EventRounds "11"]
[EventCountry "AUS"]
[SourceTitle "EXT 2003"]
[Source "ChessBase"]
[SourceDate "2002.11.25"]
[SourceVersion "1"]
[SourceVersionDate "2002.11.25"]
[SourceQuality "1"]

1. e4 e6 2. d4 d5 3. exd5 exd5 4. Nf3 Bd6 5. Bd3 Ne7 6. c3 Bg4 7. Bg5 Nbc6 8. Nbd2 Qd7 9. 0-0 0-0-0 10. b4 f6 11. Bh4 Ng6 12. Bg3 Nf4 13. Bb5 h5 14. Bxf4 Bxf4 15. Qa4 Kb8 16. Rab1 Rhe8 17. Rb3 Bxd2 18. Nxd2 Be2 19. Bxe2 Rxe2 20. b5 Ne7 21. Ra3 Nc8 22. Nb3 Rde8 23. Na5 Re1 24. c4 Qe6 25. Re3 Rxe3 26. cxd5 Qxd5 27. fxe3 Rxe3 28. Qb4 Re2 29. Rf2 Rxf2 30. Nc6+ Ka8 31. Kxf2 bxc6 32. Qf8 Qf5+ 0-1

[Event "Australian op"]
[Site "Canberra"]
[Date "2001.12.30"]
[Round "3"]
[White "Smirnov, Vladimir"]
[Black "Tan, Justin"]
[Result "1-0"]
[WhiteElo "2231"]
[BlackElo "2201"]
[PlyCount "89"]
[EventDate "2000.12.30"]
[EventType "swiss"]
[EventRounds "11"]
[EventCountry "AUS"]
[SourceTitle "EXT 2002"]
[Source "ChessBase"]
[SourceDate "2001.11.25"]
[SourceVersion "1"]
[SourceVersionDate "2001.11.25"]
[SourceQuality "1"]

1. d4 e6 2. c4 f5 3. g3 Nf6 4. Bg2 Be7 5. Nf3 0-0 6. 0-0 d6 7. Nc3 Qe8 8. Bf4 Nbd7 9. Qb3 Bd8 10. c5 Nh5 11. cxd6 Nxf4 12. gxf4 cxd6 13. Nb5 Qe7 14. Qa3 Nb6 15. Qxd6 Nd5 16. Qxe7 Bxe7 17. e3 Bd7 18. Na3 Bxa3 19. bxa3 Rac8 20. Ne5 Bb5 21. Bxd5 exd5 22. Rfc1 Rfe8 23. f3 Kf8 24. Rab1 a6 25. Kf2 Ke7 26. a4 Rxc1 27. Rxc1 Bxa4 28. Rc7+ Kf8 29. Rxb7 Rc8 30. Nd7+ Bxd7 31. Rxd7 Rc2+ 32. Kg3 Rxa2 33. Rxd5 g6 34. e4 fxe4 35. fxe4 a5 36. e5 a4 37. Ra5 a3 38. d5 Ra1 39. Ra8+ Ke7 40. Ra7+ Kf8 41. d6 a2 42. Kg2 h6 43. e6 Rd1 44. Ra8+ Kg7 45. e7 1-0

[Event "Wch U18"]
[Site "Oropesa del Mar"]
[Date "2001.10.21"]
[Round "1"]
[White "Tan, Justin"]
[Black "Naiditsch, Arkadij"]
[Result "0-1"]
[WhiteElo "2244"]
[BlackElo "2540"]
[PlyCount "62"]
[EventDate "2001.10.21"]
[EventType "swiss"]
[EventRounds "11"]
[EventCountry "ESP"]
[SourceTitle "EXT 2002"]
[Source "ChessBase"]
[SourceDate "2001.11.25"]
[SourceVersion "1"]
[SourceVersionDate "2001.11.25"]
[SourceQuality "1"]

1. e4 c5 2. Nf3 d6 3. c3 Nf6 4. Be2 Nbd7 5. d3 b6 6. 0-0 Bb7 7. Re1 e6 8. Bf1 Be7 9. Bg5 h6 10. Bh4 Rc8 11. Na3 0-0 12. Nd2 e5 13. c4 Nb8 14. Nc2 Nc6 15. Ne3 g6 16. Bg3 Nd4 17. f4 exf4 18. Bxf4 Kh7 19. g4 Nd7 20. Nf3 Nxf3+ 21. Qxf3 Ne5 22. Qh3 Bh4 23. Ng2 Bg5 24. Qg3 Bxf4 25. Qxf4 f5 26. gxf5 gxf5 27. exf5 Nf3+ 28. Kf2 Nxe1 29. Rxe1 Qf6 30. Re6 Qxe6 31. fxe6 Bxg2 0-1

[Event "Doeberl Cup 39th"]
[Site "Canberra"]
[Date "2001.04.15"]
[Round "6.5"]
[White "Tan, Justin"]
[Black "Gluzman, Mikhail"]
[Result "0-1"]
[WhiteElo "2003"]
[BlackElo "2369"]
[PlyCount "102"]
[EventDate "2001.04.13"]
[EventType "swiss"]
[EventRounds "7"]
[EventCountry "AUS"]
[SourceTitle "CBM 082 Extra"]
[Source "ChessBase"]
[SourceDate "2001.07.03"]
[SourceVersion "1"]
[SourceVersionDate "2001.07.03"]
[SourceQuality "1"]

1. e3 Nf6 2. f4 d6 3. Nf3 g6 4. d4 Bg7 5. Bd3 Nbd7 6. 0-0 0-0 7. Nbd2 c6 8. b3 Nd5 9. Qe1 e5 10. Nc4 exd4 11. exd4 N7b6 12. Qd2 Nxc4 13. bxc4 Ne7 14. Rb1 b6 15. Bb2 Bf5 16. Rfe1 Bxd3 17. Qxd3 Qd7 18. Re2 Rae8 19. Rbe1 Nc8 20. Kf2 Rxe2+ 21. Rxe2 c5 22. c3 Re8 23. Bc1 Rxe2+ 24. Qxe2 Ne7 25. Qe4 Bf6 26. Qc2 h5 27. a4 Nc6 28. Be3 Na5 29. Nd2 Bg7 30. h3 Qe6 31. Qd3 Qe8 32. Qc2 h4 33. Kf3 f5 34. Kf2 Kh7 35. Kf3 Bh6 36. Kf2 Bg7 37. Kf3 Kg8 38. Kf2 Qf7 39. Qd3 Bf6 40. g3 hxg3+ 41. Kxg3 Qe8 42. h4 Qxa4 43. h5 Qe8 44. Kf3 Qf7 45. Kf2 gxh5 46. Nf3 Qe6 47. dxc5 bxc5 48. Ng5 Bxg5 49. fxg5 Nxc4 50. Bf4 Qe4 51. Qg3 Ne5 0-1

[Event "Doeberl Cup 39th"]
[Site "Canberra"]
[Date "2001.04.15"]
[Round "5.7"]
[White "Tan, Justin"]
[Black "Smerdon, David"]
[Result "1-0"]
[WhiteElo "2003"]
[BlackElo "2327"]
[PlyCount "114"]
[EventDate "2001.04.13"]
[EventType "swiss"]
[EventRounds "7"]
[EventCountry "AUS"]
[SourceTitle "CBM 082 Extra"]
[Source "ChessBase"]
[SourceDate "2001.07.03"]
[SourceVersion "1"]
[SourceVersionDate "2001.07.03"]
[SourceQuality "1"]

1. e4 c5 2. Nf3 g6 3. d4 cxd4 4. Nxd4 Bg7 5. c4 Nc6 6. Be3 Nf6 7. Nc3 d6 8. Be2 0-0 9. 0-0 a6 10. f4 Qb6 11. Nc2 Qc7 12. Nd5 Nxd5 13. cxd5 Na5 14. Nd4 Nc4 15. Qc2 b5 16. Bxc4 bxc4 17. Rfc1 f5 18. Qxc4 Qxc4 19. Rxc4 fxe4 20. Nc6 e6 21. Ne7+ Kh8 22. dxe6 Bxe6 23. Rxe4 Bf5 24. Nxf5 gxf5 25. Rb4 a5 26. Rb6 Rfe8 27. Kf2 Re6 28. Kf3 Rae8 29. Bf2 Kg8 30. Rd1 Re2 31. Rdxd6 Bxb2 32. Rb5 Bc3 33. Rxf5 Rxa2 34. Bd4 Bxd4 35. Rxd4 Rb8 36. Rd3 Rb7 37. h4 Kg7 38. h5 a4 39. Rfd5 Rab2 40. Rd7+ Kg8 41. Rxb7 Rxb7 42. Rd8+ Kg7 43. Ra8 Rb3+ 44. Kg4 a3 45. g3 h6 46. Ra7+ Kg8 47. Kh4 Rf3 48. Kg4 Rb3 49. f5 Rb4+ 50. Kf3 Rb3+ 51. Kf4 Rb4+ 52. Ke5 Rb5+ 53. Ke6 Rb6+ 54. Ke7 Rb3 55. Ra8+ Kh7 56. g4 Rb7+ 57. Kf8 Rb4 1-0

[Event "Doeberl Cup 39th"]
[Site "Canberra"]
[Date "2001.04.13"]
[Round "2.13"]
[White "Safarian, Alek"]
[Black "Tan, Justin"]
[Result "1/2-1/2"]
[WhiteElo "1964"]
[BlackElo "2003"]
[PlyCount "98"]
[EventDate "2001.04.13"]
[EventType "swiss"]
[EventRounds "7"]
[EventCountry "AUS"]
[SourceTitle "CBM 082 Extra"]
[Source "ChessBase"]
[SourceDate "2001.07.03"]
[SourceVersion "1"]
[SourceVersionDate "2001.07.03"]
[SourceQuality "1"]

1. d4 e6 2. Nf3 f5 3. c4 Nf6 4. g3 Be7 5. Bg2 0-0 6. Nc3 d6 7. 0-0 Qe8 8. b3 Nbd7 9. Bb2 c6 10. e4 Nxe4 11. Nxe4 fxe4 12. Ne1 Nf6 13. Nc2 Qg6 14. Ne3 Bd7 15. a4 Be8 16. b4 a6 17. Qc2 d5 18. c5 Ng4 19. Bc1 Nxe3 20. Bxe3 Bg5 21. Qd2 Bxe3 22. Qxe3 Bd7 23. Rae1 Rf6 24. Qc3 Raf8 25. f4 Be8 26. Rf2 Qf5 27. Ref1 g5 28. Qd2 gxf4 29. Rxf4 Qg6 30. Bh3 Rxf4 31. Rxf4 Rxf4 32. Qxf4 Bf7 33. Qg4 Kg7 34. Kf2 Qxg4 35. Bxg4 Kf6 36. h4 Bg6 37. Ke3 Bf5 38. Be2 e5 39. b5 a5 40. b6 Bc8 41. g4 h6 42. Bd1 exd4+ 43. Kxd4 Ke6 44. g5 Kf5 45. gxh6 Kg6 46. Ke5 Kxh6 47. Be2 Kg6 48. Kf4 Kh6 49. Ke5 Kg6 1/2-1/2